{"text_format":"1","workbook":"xlsx","n_sheets":3,"sheets":["Formato","Instructivo de Diligenciamiento","Listas"],"not_rendered":{"charts":0,"images":3,"macros":1,"external_links":0,"defined_names":3,"comments":1,"pivot_tables":0},"unopened":[],"bounds":{"document_bytes":16777216,"sheet_cells":100000,"rows_first":2000,"rows_last":500,"rows_between":2000,"halvings":0,"cell_chars":16384,"cell_head_chars":4096},"cells_cut":0,"cells_raw":0,"read":"whole","date_system":"1900"}

{"sheet":"Formato","index":0,"n_rows":96,"n_cols":17,"rows_kept":96,"cut":false,"hidden":false,"merged":[[77,2,77,3],[77,8,77,9],[77,10,77,11],[77,16,77,17],[74,2,74,3],[74,8,74,9],[74,10,74,11],[74,16,74,17],[75,2,75,3],[75,8,75,9],[75,10,75,11],[75,16,75,17],[76,2,76,3],[76,8,76,9],[76,10,76,11],[76,16,76,17],[71,2,71,3],[71,8,71,9],[71,10,71,11],[71,16,71,17],[72,2,72,3],[72,8,72,9],[72,10,72,11],[72,16,72,17],[73,2,73,3],[73,8,73,9],[73,10,73,11],[73,16,73,17],[68,2,68,3],[68,8,68,9],[68,10,68,11],[68,16,68,17],[69,2,69,3],[69,8,69,9],[69,10,69,11],[69,16,69,17],[70,2,70,3],[70,8,70,9],[70,10,70,11],[70,16,70,17],[65,2,65,3],[65,8,65,9],[65,10,65,11],[65,16,65,17],[66,2,66,3],[66,8,66,9],[66,10,66,11],[66,16,66,17],[67,2,67,3],[67,8,67,9],[67,10,67,11],[67,16,67,17],[62,2,62,3],[62,8,62,9],[62,10,62,11],[62,16,62,17],[63,2,63,3],[63,8,63,9],[63,10,63,11],[63,16,63,17],[64,2,64,3],[64,8,64,9],[64,10,64,11],[64,16,64,17],[59,2,59,3],[59,8,59,9],[59,10,59,11],[59,16,59,17],[60,2,60,3],[60,8,60,9],[60,10,60,11],[60,16,60,17],[61,2,61,3],[61,8,61,9],[61,10,61,11],[61,16,61,17],[56,2,56,3],[56,8,56,9],[56,10,56,11],[56,16,56,17],[57,2,57,3],[57,8,57,9],[57,10,57,11],[57,16,57,17],[58,2,58,3],[58,8,58,9],[58,10,58,11],[58,16,58,17],[53,2,53,3],[53,8,53,9],[53,10,53,11],[53,16,53,17],[54,2,54,3],[54,8,54,9],[54,10,54,11],[54,16,54,17],[55,2,55,3],[55,8,55,9],[55,10,55,11],[55,16,55,17],[52,2,52,3],[52,8,52,9],[52,10,52,11],[52,16,52,17],[46,2,46,3],[46,8,46,9],[46,10,46,11],[46,16,46,17],[51,2,51,3],[51,8,51,9],[51,10,51,11],[51,16,51,17],[50,2,50,3],[50,8,50,9],[50,10,50,11],[50,16,50,17],[48,2,48,3],[48,8,48,9],[48,10,48,11],[48,16,48,17],[49,2,49,3],[49,8,49,9],[49,10,49,11],[49,16,49,17],[47,2,47,3],[47,8,47,9],[47,10,47,11],[47,16,47,17],[44,2,44,3],[44,8,44,9],[44,10,44,11],[44,16,44,17],[45,2,45,3],[45,8,45,9],[45,10,45,11],[45,16,45,17],[40,10,40,11],[40,16,40,17],[41,2,41,3],[41,8,41,9],[41,10,41,11],[41,16,41,17],[94,10,95,14],[94,1,94,3],[94,6,94,8],[95,1,95,3],[95,4,95,5],[95,6,95,8],[82,0,82,17],[86,1,86,4],[86,5,86,7],[86,8,86,11],[87,1,87,4],[87,5,87,7],[87,8,87,11],[84,1,84,4],[84,5,84,7],[84,8,84,11],[85,1,85,4],[85,5,85,7],[85,8,85,11],[89,1,89,3],[89,11,91,13],[92,11,92,13],[92,1,92,3],[92,6,92,8],[37,16,37,17],[79,6,79,7],[79,8,79,9],[37,10,37,11],[37,2,37,3],[37,8,37,9],[38,2,38,3],[38,8,38,9],[38,10,38,11],[38,16,38,17],[39,2,39,3],[39,8,39,9],[39,10,39,11],[39,16,39,17],[40,2,40,3],[40,8,40,9],[42,2,42,3],[42,8,42,9],[42,10,42,11],[42,16,42,17],[43,2,43,3],[43,8,43,9],[43,10,43,11],[43,16,43,17],[35,1,35,9],[29,1,29,2],[29,4,29,5],[29,9,29,10],[33,0,33,17],[35,0,36,0],[36,8,36,9],[36,2,36,3],[36,16,36,17],[36,10,36,11],[35,10,35,17],[29,6,29,8],[29,11,29,13],[27,9,27,10],[21,1,21,13],[7,3,7,9],[9,1,9,2],[9,3,9,7],[7,12,7,13],[23,1,23,2],[23,4,23,8],[19,1,19,13],[27,1,27,2],[27,11,27,13],[17,1,17,13],[27,4,27,8],[15,1,15,2],[1,1,1,13],[7,1,7,2],[11,1,11,2],[23,9,23,13],[25,1,25,2],[25,4,25,5],[25,6,25,8],[25,9,25,10],[25,11,25,13],[11,3,11,9],[9,10,9,11],[9,12,9,13],[2,1,2,13],[13,1,13,13],[4,1,5,3],[4,10,5,11],[4,7,5,9],[4,4,5,5],[15,3,15,7]]}
[]
[null,"FORMATO PARA MODIFICACIÓN DE ÓRDENES DE COMPRA"]
[null,"Tienda Virtual del Estado Colombiano"]
[]
[null,"Número de Orden de Compra a modificar:",null,null,5318,null,null,"Número de modificación de la Orden de Compra:",null,null,1]
[]
[]
[null,"Entidad Compradora:",null,"Unidad Administrativa Especial de Gestión de Restitución de Tierras Despojadas",null,null,null,null,null,null,null,"NIT:",900498879]
[]
[null,"Nombre del solicitante:",null,"Miguel Andres Franco Lemus",null,null,null,null,null,null,"Teléfono de contacto:",null,3770300]
[]
[null,"Proveedor :",null,"Millenium Phone Center S.A."]
[]
[null,"Sección 1: Tipo de acción"]
[]
[null,"Tipo",null,"Modificación de la Orden de Compra"]
[]
[null,"Sección 2: Justificación de la modificación o de las acciones a realizar"]
[]
[null,"De conformidad con la orden de compra No. 5318 con fecha de emisión del 27/11/15 y cuya fecha de vencimiento es del 24/09/15 la Unidad Administrativa Especial de Gestión de Restitución de Tierras requiere garantizar los servicios de tecnología que permitan a los ciudadanos y víctimas acceder a estas herramientas en todo el territorio nacional frente a los trámites de PQRS y denuncias, a través de la adición y prorroga de los bienes y servicios para el Acuerdo Marco de Precios de Centro de Contacto en la presente Orden de Compra."]
[]
[null,"Sección 3:  Modificación información general"]
[]
[null,"Nombre del campo",null,"¿Requiere modificación Si/No?","Datos actuales",null,null,null,null,"Nuevos datos"]
[]
[null,"Actualizar supervisor",null,"NO","Nombre del supervisor actual",null,0,null,null,"Nombre nuevo supervisor"]
[]
[null,"Fecha de vencimiento",null,"Ampliar fecha","   La fecha vencimiento actual se tomará de la TVEC al momento del cambio",null,null,null,null,"Nueva fecha de vencimiento",null,"2016-12-24"]
[]
[null,"Dirección y/o teléfono",null,"NO","Dirección / teléfono actual",null,0,null,null,"Nueva dirección / teléfono"]
[]
[null,null,null,"NO",null,null,0]
[]
["Sección 4: Modificación de artículos y servicios"]
[]
["Tipo de modificación","Información actual",null,null,null,null,null,null,null,null,"Nueva información"]
[null,"Número de la línea según O.C.","Nombre del artículo",null,"Cantidad","Unidad de medida","Precio unitario","Total","Información presupuestal",null,"Nombre del artículo",null,"Cantidad","Unidad de medida","Precio unitario","Total","Información presupuestal"]
["Modificación de artículo o servicio",1,"288-Agente Backoffice-Agente especializado_Mes_Alta-Oro- 7 Und",null,9,"Mes",39286811,{"$f":"ROUND(E38*G38, 2)","v":353581299},5216,null,{"$f":"C38","v":"288-Agente Backoffice-Agente especializado_Mes_Alta-Oro- 7 Und"},null,12,"Mes",39286811,{"$f":"ROUND(M38*O38, 2)","v":471441732},5216]
["Modificación de artículo o servicio",2,"72-Agente con puesto de trabajo-Agente técnico_Mes-Alta-Oro- 12 Uni",null,9,"Mes",41571714,{"$f":"ROUND(E39*G39, 2)","v":374145426},5216,null,{"$f":"C39","v":"72-Agente con puesto de trabajo-Agente técnico_Mes-Alta-Oro- 12 Uni"},null,12,"Mes",41571714,498860568,5216]
["Modificación de artículo o servicio",3,"648-Agente Bilingüe-Agemte Especializado-Mes-Alta-Oro-2 Uni",null,9,"Mes",7765592,{"$f":"ROUND(E40*G40, 2)","v":69890328},5216,null,{"$f":"C40","v":"648-Agente Bilingüe-Agemte Especializado-Mes-Alta-Oro-2 Uni"},null,9,"Mes",7765592,69890328,5216]
["Modificación de artículo o servicio",4,"192-Agente en la Entidad Compradora-Agemte Especializado-Mes-Alta-Oro-3 Uni",null,9,"Mes",16110293,{"$f":"ROUND(E41*G41, 2)","v":144992637},5216,null,{"$f":"C41","v":"192-Agente en la Entidad Compradora-Agemte Especializado-Mes-Alta-Oro-3 Uni"},null,12,"Mes",16110293,{"$f":"ROUND(M41*O41, 2)","v":193323516},5216]
["Agregar nuevo artículo o servicio","No aplica","No aplica",null,"No aplica","No aplica","No aplica",0,"No aplica",null,"192-Agente en la Entidad Compradora-Agemte Especializado-Mes-Alta-Oro-1 Uni",null,3,"Mes",5370097.6699999999,{"$f":"ROUND(M42*O42, 2)","v":16110293.01},5216]
["Modificación de artículo o servicio",5,"468-Agente Front Office-Agente Profesional-Mes-Alta-Oro-1 Uni",null,9,"Mes",4829276,{"$f":"ROUND(E43*G43, 2)","v":43463484},5216,null,{"$f":"C43","v":"468-Agente Front Office-Agente Profesional-Mes-Alta-Oro-1 Uni"},null,12,"Mes",4829276,57951312,5216]
["Modificación de artículo o servicio",6,"696-Agente Minero de datos- Agente Especializado-Mes-Alta-Oro-2 Uni",null,9,"Mes",9271166,83440494,5216,null,"696-Agente Minero de datos- Agente Especializado-Mes-Alta-Oro-2 Uni",null,9,"Mes",9271166,83440494,5216]
["Modificación de artículo o servicio",7,"1304-Agente Virtual (IVR con reconocimiento de voz)-Oro-2000 Minuto",null,9,"Mes",200000,1800000,5216,null,"1304-Agente Virtual (IVR con reconocimiento de voz)-Oro-2000 Minuto",null,9,"Mes",200000,1800000,5216]
["Modificación de artículo o servicio",8,"1320-Canal Dedicado a Otro Centro de Contacto o Entidad Compradora-Oro-1 Uni",null,9,"Mes",800000,7200000,5216,null,"1320-Canal Dedicado a Otro Centro de Contacto o Entidad Compradora-Oro-1 Uni",null,12,"Mes",800000,9600000,5216]
["Modificación de artículo o servicio",9,"1525-Canal Escrito-Licencia de Software por Equipo-Oro-300 Uni",null,9,"Mes",300,{"$f":"ROUND(E47*G47, 2)","v":2700},5216,null,{"$f":"C47","v":"1525-Canal Escrito-Licencia de Software por Equipo-Oro-300 Uni"},null,12,"Mes",300,{"$f":"ROUND(M47*O47, 2)","v":3600},5216]
["Modificación de artículo o servicio",10,"1522-Coordinador Nacional-Plata/Oro-2 Uni",null,9,"Mes",15533663,{"$f":"ROUND(E48*G48, 2)","v":139802967},5216,null,{"$f":"C48","v":"1522-Coordinador Nacional-Plata/Oro-2 Uni"},null,12,"Mes",15533663,{"$f":"ROUND(M48*O48, 2)","v":186403956},5216]
["Modificación de artículo o servicio",11,"1308-Grabación Anuncios IVR- Oro-3 Anuncio para IVR",null,9,"Mes",30,{"$f":"ROUND(E49*G49, 2)","v":270},5216,null,{"$f":"C49","v":"1308-Grabación Anuncios IVR- Oro-3 Anuncio para IVR"},null,12,"Mes",30,{"$f":"ROUND(M49*O49, 2)","v":360},5216]
["Modificación de artículo o servicio",12,"1306-Hora Desarrollo (IVR Transaccional u Otros)-Oro-100 Horas de Desarrollo",null,9,"Mes",0,{"$f":"ROUND(E50*G50, 2)","v":0},5216,null,{"$f":"C50","v":"1306-Hora Desarrollo (IVR Transaccional u Otros)-Oro-100 Horas de Desarrollo"},null,9,"Mes",0,{"$f":"ROUND(M50*O50, 2)","v":0},5216]
["Modificación de artículo o servicio",13,"1302-IVR Transaccional-Oro-2000 Minuto",null,9,"Mes",2000,{"$f":"ROUND(E51*G51, 2)","v":18000},5216,null,{"$f":"C51","v":"1302-IVR Transaccional-Oro-2000 Minuto"},null,9,"Mes",2000,{"$f":"ROUND(M51*O51, 2)","v":18000},5216]
["Modificación de artículo o servicio",14,"1318-Mailing-Oro-10000 Mail Individual",null,9,"Mes",80000,{"$f":"ROUND(E52*G52, 2)","v":720000},5216,null,{"$f":"C52","v":"1318-Mailing-Oro-10000 Mail Individual"},null,9,"Mes",80000,{"$f":"ROUND(M52*O52, 2)","v":720000},5216]
["Modificación de artículo o servicio",15,"1313-Mensaje SMS-Claro-Oro-500 Mensajes SMS",null,9,"Mes",10500,{"$f":"ROUND(E53*G53, 2)","v":94500},5216,null,{"$f":"C53","v":"1313-Mensaje SMS-Claro-Oro-500 Mensajes SMS"},null,9,"Mes",10500,{"$f":"ROUND(M53*O53, 2)","v":94500},5216]
["Modificación de artículo o servicio",16,"1314-Mensaje SMS-Movistar-Oro-500 Mensajes SMS",null,9,"Mes",10500,{"$f":"ROUND(E54*G54, 2)","v":94500},5216,null,{"$f":"C54","v":"1314-Mensaje SMS-Movistar-Oro-500 Mensajes SMS"},null,9,"Mes",10500,{"$f":"ROUND(M54*O54, 2)","v":94500},5216]
["Modificación de artículo o servicio",17,"1315-Mensaje SMS-Tigo-Oro-500 Mensajes SMS",null,9,"Mes",10500,{"$f":"ROUND(E55*G55, 2)","v":94500},5216,null,{"$f":"C55","v":"1315-Mensaje SMS-Tigo-Oro-500 Mensajes SMS"},null,9,"Mes",10500,{"$f":"ROUND(M55*O55, 2)","v":94500},5216]
["Modificación de artículo o servicio",18,"1316-Mensaje SMS-Otros Operadores-Oro-500 Mensajes SMS",null,9,"Mes",10500,{"$f":"ROUND(E56*G56, 2)","v":94500},5216,null,{"$f":"C56","v":"1316-Mensaje SMS-Otros Operadores-Oro-500 Mensajes SMS"},null,12,"Mes",10500,{"$f":"ROUND(M56*O56, 2)","v":126000},5216]
["Modificación de artículo o servicio",19,"1225-Minito a Celular Outbound-Claro-Oro-15000 Minuto",null,9,"Mes",780000,{"$f":"ROUND(E57*G57, 2)","v":7020000},5216,null,{"$f":"C57","v":"1225-Minito a Celular Outbound-Claro-Oro-15000 Minuto"},null,9,"Mes",780000,{"$f":"ROUND(M57*O57, 2)","v":7020000},5216]
["Modificación de artículo o servicio",20,"1226-Minito a Celular Outbound-Movistar-Oro-15000 Minuto",null,9,"Mes",780000,{"$f":"ROUND(E58*G58, 2)","v":7020000},5216,null,{"$f":"C58","v":"1226-Minito a Celular Outbound-Movistar-Oro-15000 Minuto"},null,9,"Mes",780000,{"$f":"ROUND(M58*O58, 2)","v":7020000},5216]
["Modificación de artículo o servicio",21,"1227-Minito a Celular Outbound-Tigo-Oro-15000 Minuto",null,9,"Mes",780000,{"$f":"ROUND(E59*G59, 2)","v":7020000},5216,null,{"$f":"C59","v":"1227-Minito a Celular Outbound-Tigo-Oro-15000 Minuto"},null,9,"Mes",780000,{"$f":"ROUND(M59*O59, 2)","v":7020000},5216]
["Modificación de artículo o servicio",22,"1228-Minito a Celular Outbound-Otros Operadores-Oro-15000 Minuto",null,9,"Mes",780000,{"$f":"ROUND(E60*G60, 2)","v":7020000},5216,null,{"$f":"C60","v":"1228-Minito a Celular Outbound-Otros Operadores-Oro-15000 Minuto"},null,12,"Mes",780000,{"$f":"ROUND(M60*O60, 2)","v":9360000},5216]
["Modificación de artículo o servicio",23,"1392-Minuto de Conexión de Video Llamada-Agente Especializado-Min 7X24-Alta-Oro-10000 Min",null,9,"Mes",2000000,{"$f":"ROUND(E61*G61, 2)","v":18000000},5216,null,{"$f":"C61","v":"1392-Minuto de Conexión de Video Llamada-Agente Especializado-Min 7X24-Alta-Oro-10000 Min"},null,9,"Mes",2000000,{"$f":"ROUND(M61*O61, 2)","v":18000000},5216]
["Modificación de artículo o servicio",24,"1456-Minuto de Conxión de Video Llamada y lenguaje de Señas Colombiana o con intérprete en lengua de señas Colombiana-Agente Especializado-min 7X24-Alta-Oro-10000 Minuto",null,9,"Mes",2000000,{"$f":"ROUND(E62*G62, 2)","v":18000000},5216,null,{"$f":"C62","v":"1456-Minuto de Conxión de Video Llamada y lenguaje de Señas Colombiana o con intérprete en lengua de señas Colombiana-Agente Especializado-min 7X24-Alta-Oro-10000 Minuto"},null,9,"Mes",2000000,{"$f":"ROUND(M62*O62, 2)","v":18000000},5216]
["Modificación de artículo o servicio",25,"1196-Minuto de Operación Entrante-Inbound Chat-Agente Especializado-min 7X24-Alta-Oro-10000 Minu",null,9,"Mes",1000000,{"$f":"ROUND(E63*G63, 2)","v":9000000},5216,null,{"$f":"C63","v":"1196-Minuto de Operación Entrante-Inbound Chat-Agente Especializado-min 7X24-Alta-Oro-10000 Minu"},null,9,"Mes",1000000,{"$f":"ROUND(M63*O63, 2)","v":9000000},5216]
["Modificación de artículo o servicio",26,"1220-Minuto larga Distancia nacional outbound-Oro-15000 Minu",null,9,"Mes",780000,{"$f":"ROUND(E64*G64, 2)","v":7020000},5216,null,{"$f":"C64","v":"1220-Minuto larga Distancia nacional outbound-Oro-15000 Minu"},null,9,"Mes",780000,{"$f":"ROUND(M64*O64, 2)","v":7020000},5216]
["Modificación de artículo o servicio",27,"1218-Minuto llamada Bogota Outbound-Oro-15000 Min",null,9,"Mes",780000,{"$f":"ROUND(E65*G65, 2)","v":7020000},5216,null,{"$f":"C65","v":"1218-Minuto llamada Bogota Outbound-Oro-15000 Min"},null,9,"Mes",780000,{"$f":"ROUND(M65*O65, 2)","v":7020000},5216]
["Modificación de artículo o servicio",28,"1523-Profesional de Operación Zonal en Campo-Plata/Oro-2 Uni",null,3,"Mes",10895601,{"$f":"ROUND(E66*G66, 2)","v":32686803},5216,null,{"$f":"C66","v":"1523-Profesional de Operación Zonal en Campo-Plata/Oro-2 Uni"},null,6,"Mes",10895601,{"$f":"ROUND(M66*O66, 2)","v":65373606},5216]
["Agregar nuevo artículo o servicio","No aplica","No aplica",null,"No aplica","No aplica","No aplica",0,"No aplica",null,"1523-Profesional de Operación Zonal en Campo-Plata/Oro-2 Uni",null,3,"Mes",10895601,{"$f":"ROUND(M67*O67, 2)","v":32686803},5216]
["Modificación de artículo o servicio",29,"1489-Redirección de llamadas o Contactos por diversos canales a Otros Centros de Contacto-Oro-10000 por transaccion",null,9,"Mes",220000,{"$f":"ROUND(E68*G68, 2)","v":1980000},5216,null,{"$f":"C68","v":"1489-Redirección de llamadas o Contactos por diversos canales a Otros Centros de Contacto-Oro-10000 por transaccion"},null,9,"Mes",220000,{"$f":"ROUND(M68*O68, 2)","v":1980000},5216]
["Modificación de artículo o servicio",30,"1328-Servicio Adicional de Entrenamiento hasta 8Horas-Oro-3 entrenamientos por Agente",null,9,"Mes",300000,{"$f":"ROUND(E69*G69, 2)","v":2700000},5216,null,{"$f":"C69","v":"1328-Servicio Adicional de Entrenamiento hasta 8Horas-Oro-3 entrenamientos por Agente"},null,9,"Mes",300000,{"$f":"ROUND(M69*O69, 2)","v":2700000},5216]
["Modificación de artículo o servicio",31,"1322-Servicio de Instalación Canal Dedicado-Oro-1  Instalación ",null,1,"Mes",100000,{"$f":"ROUND(E70*G70, 2)","v":100000},5216,null,{"$f":"C70","v":"1322-Servicio de Instalación Canal Dedicado-Oro-1  Instalación "},null,1,"Mes",100000,{"$f":"ROUND(M70*O70, 2)","v":100000},5216]
["Modificación de artículo o servicio",32,"1499-Servixcio de Transporte desde Región 1 hacia Región 4-Plata/Oro-4 por viaje",null,2,"Mes",836800,{"$f":"ROUND(E71*G71, 2)","v":1673600},5216,null,{"$f":"C71","v":"1499-Servixcio de Transporte desde Región 1 hacia Región 4-Plata/Oro-4 por viaje"},null,2,"Mes",836800,{"$f":"ROUND(M71*O71, 2)","v":1673600},5216]
["Modificación de artículo o servicio",33,"1497-Servixcio de Transporte desde Región 1 hacia Región 2-Plata/Oro-6 por viaje",null,2,"Mes",1569000,{"$f":"ROUND(E72*G72, 2)","v":3138000},5216,null,{"$f":"C72","v":"1497-Servixcio de Transporte desde Región 1 hacia Región 2-Plata/Oro-6 por viaje"},null,2,"Mes",1569000,{"$f":"ROUND(M72*O72, 2)","v":3138000},5216]
["Modificación de artículo o servicio",34,"1498-Servixcio de Transporte desde Región 1 hacia Región 3-Plata/Oro-20 por viaje",null,2,"Mes",4184000,{"$f":"ROUND(E73*G73, 2)","v":8368000},5216,null,{"$f":"C73","v":"1498-Servixcio de Transporte desde Región 1 hacia Región 3-Plata/Oro-20 por viaje"},null,4,"Mes",4184000,{"$f":"ROUND(M73*O73, 2)","v":16736000},5216]
["Modificación de artículo o servicio",35,"1533-Software de Gestión de Operaciones de TI-Licencia de Software por equipo-Oro-100 Uni",null,9,"Mes",10000,{"$f":"ROUND(E74*G74, 2)","v":90000},5216,null,{"$f":"C74","v":"1533-Software de Gestión de Operaciones de TI-Licencia de Software por equipo-Oro-100 Uni"},null,9,"Mes",10000,{"$f":"ROUND(M74*O74, 2)","v":90000},5216]
["Modificación de artículo o servicio",36,"1212-Transaccion Campaña Transacción Efectiva-Agente Especializado-Alta-Oro-32000 transaccion efectiva",null,9,"Mes",320000,{"$f":"ROUND(E75*G75, 2)","v":2880000},5216,null,{"$f":"C75","v":"1212-Transaccion Campaña Transacción Efectiva-Agente Especializado-Alta-Oro-32000 transaccion efectiva"},null,9,"Mes",320000,{"$f":"ROUND(M75*O75, 2)","v":2880000},5216]
["Modificación de artículo o servicio",37,"1496-Virtual Hold-Oro-10000 por transacción (entiendase transaccion como recepción de los datos y llamada o SMS al ciudadano)",null,9,"Mes",300000,{"$f":"ROUND(E76*G76, 2)","v":2700000},5216,null,{"$f":"C76","v":"1496-Virtual Hold-Oro-10000 por transacción (entiendase transaccion como recepción de los datos y llamada o SMS al ciudadano)"},null,9,"Mes",300000,{"$f":"ROUND(M76*O76, 2)","v":2700000},5216]
["Modificación de artículo o servicio",38,"1324-VPN sobre Internet a Centro de Contacto o Entidad Compradora-Oro-1 Uni",null,9,"Mes",10000,{"$f":"ROUND(E77*G77, 2)","v":90000},5216,null,{"$f":"C77","v":"1324-VPN sobre Internet a Centro de Contacto o Entidad Compradora-Oro-1 Uni"},null,12,"Mes",10000,{"$f":"ROUND(M77*O77, 2)","v":120000},5216]
["Modificación de artículo o servicio",39,"1161-Minuto de Operación Entrante-Inbound-Chat-Agente Técnico-Minuto Diurno-Alta-Oro-9600 Min",null,9,"Mes",960000,{"$f":"ROUND(E78*G78, 2)","v":8640000},5216,null,{"$f":"C78","v":"1161-Minuto de Operación Entrante-Inbound-Chat-Agente Técnico-Minuto Diurno-Alta-Oro-9600 Min"},null,9,"Mes",960000,{"$f":"ROUND(M78*O78, 2)","v":8640000},5216]
[]
[null,null,null,null,null,null,"Cantidad de celdas a agregar:",null,1]
[]
[]
["Sección 5: Resultados de la modificación"]
[]
["Número de la línea según O.C.","Nombre del artículo",null,null,null,"Valores actuales",null,null,"Nuevos valores"]
[40,"Valor de la línea IVA en la Orden de Compra:",null,null,null,{"$f":"ROUND(M86, 2)","v":219456321},null,null,290920266,null,null,null,219456321]
[null,"Valor de la línea AIU en la Orden de Compra:"]
[null,"Valor de la línea gravámenes adicionales en la Orden de Compra:"]
[]
[]
[]
[]
[null,"Firma ordenador del gasto",null,null,null,null,"Firma de Proveedor",null,null,null,null,"Fecha de elaboración"]
[]
["Nombre:","MIGUEL ANDRES FRANCO LEMUS",null,null,null,"Nombre:","ANDRES CONDE ZAMORANO",null,null,null,"Las partes manifestamos que este mismo documento se cargará en la plataforma en formato Excel (.xlsm) y los cambios se pueden validar con el mismo."]
["Documento de Identidad:",79967344,null,null,"Documento de Identidad:",null,"830050856-2"]

{"sheet":"Instructivo de Diligenciamiento","index":1,"n_rows":4,"n_cols":2,"rows_kept":4,"cut":false,"hidden":false,"merged":[[3,1,82,10]]}
[]
[]
[]
[null,"Instrucciones de diligenciamiento:\n\nColombia Compra Eficiente ha diseñado este formato para que las Entidades Compradoras puedan realizar aclaraciones, modificaciones o  cancelaciones de las Órdenes de Compra que estén en ejecución y vigentes, o liquidaciones  de las Órdenes de Compra que estén ejecutadas. Para ello debe indicar:\n\nDatos generales: Datos básicos como número de la Orden de Compra que requiere cambiar, número consecutivo de solicitud tenga en cuenta que la primera solicitud corresponderá a la número “1”, nombre de la Entidad Compradora, nombre de la persona que solicita las acciones, celular o número de teléfono y extensión, NIT de la Entidad Compradora y el nombre del Proveedor que ejecuta la Orden de Compra.\n\nSección 1. Tipo de acción: Las Entidades pueden solicitar cuatro tipos de acciones respecto de las Órdenes de Compra:\n\n(i) Aclaraciones: Son las indicaciones de cambio de información que no afectan el plazo, el valor o las condiciones contractuales de las Órdenes de Compra como: redacción en las condiciones de entrega, errores de digitación  o rectificación de la fecha de vencimiento. Estas aclaraciones no requieren de la aceptación del Proveedor. Sin embargo una vez realizada la aclaración en la Orden de Compra, la Entidad Compradora debe notificarle al Proveedor el cambio. \n\n(ii) Modificaciones: Son indicaciones de cambio en aumento o disminución de valor o plazo,  aumento o disminución de los bienes o servicios solicitados, cambios en las condiciones de ejecución o datos que afecten la ejecución de la Orden de Compra. Solo en los casos de cambio de supervisor y datos de notificación como dirección o teléfono se puede omitir la firma del Proveedor. Sin embargo una vez realizada la modificación, la Entidad Compradora debe notificarle al Proveedor el cambio.\n\n(iii) Cancelación: Es la manifestación de la Entidad de no ejecutar la totalidad de la Orden de Compra la cual también debe ser aceptada por el Proveedor.\n\n(iv) Liquidación: Es el ajuste formal y definitivo de las obligaciones derivadas de la Orden de Compra para establecer las acreencias pendientes a favor o en contra de cada parte de la Orden de Compra, así como para aclarar la ejecución de la misma. Se efectúa, cuando aplique, dentro de los términos establecidos en cada Acuerdo Marco de Precios. Se requiere la solicitud por parte de la Entidad Compradora firmada por el Ordenador del Gasto y el representante legal del Proveedor, así como el informe del supervisor de la Orden de Compra. \n\nSección 2.  Justificación: Las razones de la realización del cambio o la cancelación de la Orden de Compra.\n\nSección 3. Especificar las modificaciones solicitadas a la información general de la Orden de Compra o la modificación detallada de los bienes y servicios así:\n\nSección 4. Modificación o aclaración de información general: Modificaciones o aclaraciones a: (a) nombre del supervisor; (b) fecha de vencimiento de la Orden de Compra; o; (c) dirección y/o teléfono de la Entidad Compradora, en todos los campos debe diligenciar la información actual  excepto la fecha actual la cual se tomará la que este en la TVEC en la Orden de Compra y los nueva información.\n\nTenga en cuenta:\n\nLas correcciones en el plazo de ejecución son diferentes a las modificaciones en el plazo, ejemplo: la Entidad Compradora adquirió elementos con tres entregas parciales pero digitó como fecha final de la Orden de Compra la fecha de la primera entrega, para corregir esto la Entidad Compradora selecciona en tipo de acción: aclaración y en el campo de fecha de vencimiento indica la fecha correcta. En el caso que fuera cambio de fecha fin, ejemplo: prorrogar o disminuir varios meses la ejecución de la Orden de Compra se utiliza en tipo de acción: modificación.\n\nPara el desarrollo de las siguientes secciones la guia de compra de aseo y cafeteria contiene ejemplos detallados ingrese al http://www.colombiacompra.gov.co/tienda-virtual-del-estado-colombiano/servicios-generales/servicio-integral-de-aseo-y-cafeteria\n\n(ii) Modificación de los artículos y/o servicios: En esta sección la Entidad Compradora puede agregar tantas filas como artículos requiera modificar haciendo clic en el botón de Agregar registro o Eliminar registro, para cada línea seleccione:\n\n(a) Modificaciones a los artículos o servicios: Adicionar o disminuir en cantidades un producto que fue adquirido en la Orden de Compra inicial. La Entidad debe diligenciar los siete (7) campos de “información actual” y  para modificar artículos la Entidad Compradora debe diligenciar los seis (6) campos de “nueva información”.\n\n(b) Agregar nuevos artículos o servicios: Ingresar nuevos artículos que no se tenían contemplados en la Orden de Compra inicial. La Entidad Compradora debe previamente solicitarle al Proveedor el precio del artículo, el cual debe respetar lo dispuesto en el contrato correspondiente (precio techo, precio piso, etc.) y la Entidad Compradora lo debe indicar en el formato en los campos de “nueva información”.\n\n (c) Eliminar artículos o servicios: Descartar artículos que la Entidad Compradora determine que no va a requerir durante la ejecución de la Orden de Compra. Para eliminar artículos la Entidad debe diligenciar únicamente los siete (7) campos de “información actual”.\n\nTenga en cuenta:\n\n• Los valores y cantidades solo pueden tener hasta dos decimales.\n• La decisión de modificar, adicionar o combinar las dos opciones dependerá de las necesidades de cada Entidad Compradora, ejemplo si es un servicio y adicionalmente solo requiere modificar “cantidad” se recomienda seleccionar “modificación de artículo”, cuando son bienes puede modificar cualquiera de los demás campos.\n• Si requiere cambio de condiciones de un servicio ya ejecutado se recomienda modificar la línea para que se refleje la parte ejecutada y adicionar una nueva línea para las nuevas condiciones del servicio que va a ejecutar.\n\nSección 5. Resultados de la modificación: La entidad siempre debe indicar en el recuadro el valor total del IVA, AIU, gravámenes adicionales, estos campos serán los valores finales que quedarán en la Orden de Compra después de la modificación, tenga en cuenta que el campo de IVA no aplica para algunos AMP como: papelería, vehículos y SOAT y que el campo de AIU solo aplica para aseo y cafetería.\n\nFirmas del documento: El ordenador del gasto de la Entidad Compradora debe firmar el documento y enviarlo al Proveedor para que lo acepte y firme, en caso de que así se requiera. El documento firmado debe ser enviado a través del aplicativo dispuesto por   Colombia Compra Eficiente para realizar las acciones solicitadas.\n\nFecha de elaboración del documento: Corresponde a la fecha en la que la Entidad Compradora y el Proveedor llegaron a un acuerdo para realizar las acciones y se suscribe el documento, recuerde que para poder realizar modificaciones en las Órdenes de Compra las mismas se deben acordar dentro de la vigencia de la Orden de Compra. \n\nSi la Entidad Compradora requiere agregar archivos que estén relacionados con las acciones a realizar como: copia del CDP y/o aprobación de Vigencia Futura (VF) que soporta la adición, soportes documentales, correos, cartas, etc... debe publicarlos junto con el documento de modificación suscrito en un único archivo .Pdf con alta resolución de escaneo, si el documento no es legible se tomaran los cambios contenidos en el formato Excel, tenga en cuenta que Colombia Compra Eficiente únicamente publicará las modificaciones especificadas en el formato enviado por el aplicativo.\n\n"]

{"sheet":"Listas","index":2,"n_rows":5,"n_cols":3,"rows_kept":5,"cut":false,"hidden":true,"merged":[]}
["TipoDeModificacion",null,"Modificacion"]
["Modificación de la Orden de Compra",null,"Modificación de artículo o servicio"]
["Aclaración a la Orden de Compra",null,"Agregar nuevo artículo o servicio"]
["Cancelación de la Orden de Compra",null,"Eliminar artículo o servicio"]
["Liquidación de la Orden de Compra",null,"Ninguna"]